000
00287nam a2200121Ia 4500
005
20251222141847.0
008
251222s9999||||xx |||||||||||||| ||spa||
020
_a
9968-41-047-0
082
_a
249.8/N29
245
0
_a
Carta de los Derechos de la Familia
264
_b
Promesa
942
_c
LIB
999
_c
7620
_d
7620